01534 a2200193 4500003000500000005001700005020001500022040000900037082001400046100002200060245010600082260004200188300001200230505089900242650003401141942002301175999001901198952012301217NUST20221114180720.0 a817888299x cNust a512.5,PAN aPande, HD9102591 aA textbook of algebra materics and trigonometry /cHD pande ,Nand Lal Singh Sharad Mehrotra,Ds pandey a NEW DELHIbDominant publishersc2005 a510 p.: a Unitt-1 , Algebra and Matrices (Page-1), Unit –ii, Relation, Mappings and Congruence Modulo (Page-1-21), Matrices(Page-22-132), Unit-ii, Algebra Equations (Page-133-211), Unit-iii, Concept of Groups and Subgroups (Page-212-245), Permutation Group and Cyclic Group (Page-246-280), Order of an Element Cay leys Theorem and Cosets (Page-281-304), Homomorphism and Isomorphism (Page-304-312), Normal Subgroups (Page-313-320), Quotient Groups(Page-321-341), Unit-iv, Ring, Integral Domains and Fields (Page-342- 366 ), Characteristic of Ring (Page-366-371), Part-ii, Unit,-v, Application of De Moirés Theorem (Page-342-413), Exponential, Circular , Hyperbolic and Logarithmic Functions of complex Quantities (Page-414-444), General Exponential , Inverse Circular and Hyperbolic Functions of Complex Quantities (Page-445-465), Unit-vi, Summation of Series (Page-466-507), Answer (Page-508-510). aAlgebra, Trigonometry9102592 2ddccBKk512.5,PAN c176906d176906 00102ddc4070aMCSbMCScGENd2016-12-12o512.5,PANpMCS32550r2016-12-08w2016-12-12yBKzAlmirah No.11, Shelf No.3